000 01001 a2200313 4500
001 53756
003 TR-AnTOB
005 20260327133452.0
008 950327r19951992nyub b 000 1 eng
020 _a0684801523
035 _a32311616
040 _aDLC
_beng
_erda
_cDLC
_dCUV
_dTR-AnTOB
041 0 _aeng
043 _an-us-ny
050 1 0 _aPS3511.I9
_bG7 1994
090 _aPS3511.I9
_bG7 1994
100 1 _aFitzgerald, F. Scott,
_q(Francis Scott),
_d1896-1940
_95058
_eauthor
245 1 4 _aThe great Gatsby /
_cF. Scott Fitzgerald.
264 1 _aNew York :
_bScribner Paperback Fiction,
_c1995.
300 _a187 pages ;
_c18 cm
490 0 _aPenguin Popular Classics.
650 _aMan-woman relationships
_zNew York (State)
_zLong Island
_vFiction
_928053
650 _aUpper class
_zNew York (State)
_zLong Island
_vFiction
_928052
651 _aLong Island (N.Y.)
_vFiction
_928054
901 _a0017175
942 _cBK
_2lcc
999 _c53756
_d13975